Zdroje externého financovania ekonomík Latinskej Ameriky a Karibiku dizertačná práca

Salvato in:
Dettagli Bibliografici
Autore principale: Jančovič, Peter, 1995-
Ente Autore: Fakulta medzinárodných vzťahov EU. Katedra medzinárodných ekonomických vzťahov a hospodárskej diplomacie
Altri autori: Grešš, Martin, 1978-
Natura: Libro
Lingua:slovacco
Pubblicazione: Bratislava 2022
Soggetti:
Tags: Aggiungi Tag
Nessun Tag, puoi essere il primo ad aggiungerne!!

MARC

LEADER 00000nbm a2200000 4500
001 0287283
005 20230302100425.5
041 0 |a slo 
044 |a SK 
245 1 0 |a Zdroje externého financovania ekonomík Latinskej Ameriky a Karibiku  |b dizertačná práca  |c Peter Jančovič ; školiteľ: Martin Grešš 
264 1 |a Bratislava  |c 2022 
300 |a 156 s. 
610 2 0 |a financovanie 
610 2 0 |a investície priame zahraničné 
610 2 0 |a rozvoj hospodársky 
610 2 0 |a rast hospodársky 
610 2 0 |a pomoc rozvojová 
610 2 0 |a Latinská Amerika 
610 2 0 |a Karibská oblasť 
100 1 |a Jančovič, Peter, 1995- 
700 1 |a Grešš, Martin, 1978- 
710 2 |a Fakulta medzinárodných vzťahov EU. Katedra medzinárodných ekonomických vzťahov a hospodárskej diplomacie